000 00256nam a22000977a 4500
999 _c11362
_d11362
008 190328b ||||| |||| 00| 0 eng d
020 _a9780713634099
100 _aJohnson Carl
_97055
245 _aTrack Athletics
260 _aGreat Britain
_bHollen Street Press